000 00430nam a2200169Ia 4500
008 230711s9999||||xx |||||||||||||| ||und||
020 _a978-81-315-1730-7
041 _aENG
082 _a620.001
_bLO-F
100 _aLogan,Daryl L
245 2 _aA First Course in the Finite Element Method
250 _a5th Ed.
260 _c2016
_aDelhi
_bCengage Learning
300 _a893p.
650 _aMechanical Engineering
942 _cBK
999 _c6715
_d6715